Lezioni di medicina legale / (Record no. 157937)

MARC details
000 -LEADER
campo de control de longitud fija 00881nam a22002295i 4500
001 - NÚMERO DE CONTROL
campo de control 157937
003 - IDENTIFICADOR DE NÚMERO DE CONTROL
campo de control ES-MaACL
005 - FECHA Y HORA DE LA ÚLTIMA TRANSACCIÓN
campo de control 20250902063109.0
008 - DATOS DE LONGITUD FIJA--INFORMACIÓN GENERAL
campo de control de longitud fija 040819s1900 it a |||| | ita d
040 ## - FUENTE DE CATALOGACIÓN
Centro catalogador/agencia de origen CAM
Lengua de catalogación spa
Centro/agencia transcriptor CAM
100 1# - ENTRADA PRINCIPAL--NOMBRE DE PERSONA
Nombre de persona Lombroso, Cesare,
Fechas asociadas al nombre 1835-1909
9 (RLIN) 242173
245 10 - MENCIÓN DEL TÍTULO
Título Lezioni di medicina legale /
Mención de responsabilidad, etc. Cesare Lombroso.
250 ## - MENCION DE EDICION
Mención de edición 2ª ed. interamente rif.
260 ## - PUBLICACIÓN, DISTRIBUCIÓN, ETC.
Lugar de publicación, distribución, etc. Torino [etc] :
Nombre del editor, distribuidor, etc. Fratelli Bocca,
Fecha de publicación, distribución, etc. 1900 (
Fabricante Tip. Lit. Camilla e Bertolero di Natale Bertolero)
300 ## - DESCRIPCIÓN FÍSICA
Extensión XV, 576 p. :
Otras características físicas il. ;
Dimensiones 24 cm.
490 1# - MENCIÓN DE SERIE
Mención de serie Nuova collezione di opere giuridiche ;
Designación de volumen o secuencia 99
598 ## - NOTA LOCAL
Nota local Mención de serie tomada de la cub. original.
650 #7 - PUNTO DE ACCESO ADICIONAL DE MATERIA--TÉRMINO DE MATERIA
Término de materia o nombre geográfico como elemento de entrada Medicina legal
Fuente del encabezamiento o término embne
9 (RLIN) 14928
830 0# - PUNTO DE ACCESO ADICIONAL DE SERIE-TÍTULO UNIFORME
Título uniforme Nuova collezione di opere giuridiche ;
Designación de volumen o secuencia 99
9 (RLIN) 188195
852 ## - LOCALIZACIÓN
Ubicación ES-MaACL
Número de control de estantería F-11080
Nota libre -- Enc. hol. conservando la cub. original
Holdings
Estatus retirado Estado de pérdida Estado de daño No para préstamo Colección Biblioteca de origen Biblioteca actual Ubicación en estantería Fecha de adquisición Fuente de adquisición Total de préstamos Signatura topográfica completa Código de barras Visto por última vez Precio de reemplazo Tipo de ítem Koha
        Libros del s. XIX Biblioteca del Ateneo de Madrid Biblioteca del Ateneo de Madrid Sala Pecera Planta 2 17/01/2008     F-11080 1165292 23/02/2023 23/02/2023 Libro impreso antiguo